Top UK Baby Girls Names 2016 - Statistics

General Stats
  • This quiz has been taken 2,618 times
  • The average score is 53 of 100
Answer Stats
Hint Answer % Correct
1 Olivia
90%
73 Elizabeth
89%
4 Emily
85%
32 Emma
85%
8 Isabella
85%
9 Isabelle
85%
68 Anna
84%
3 Sophia
84%
10 Sophie
84%
15 Charlotte
83%
82 Lottie
83%
95 Sara
80%
50 Annabelle
78%
2 Lily
78%
5 Amelia
77%
6 Ava
77%
27 Hannah
77%
31 Maya
77%
66 Mya
77%
71 Rose
77%
53 Rosie
77%
16 Chloe
76%
62 Eliza
76%
17 Grace
76%
86 Gracie
76%
87 Katie
76%
59 Eleanor
75%
21 Jessica
75%
11 Ella
74%
12 Mia
74%
30 Lucy
72%
24 Eva
67%
48 Zoe
67%
45 Molly
66%
19 Alice
65%
7 Isla
65%
13 Poppy
64%
41 Abigail
63%
99 Bethany
63%
26 Daisy
63%
29 Ruby
60%
40 Holly
58%
14 Evie
57%
77 Lexi
57%
43 Millie
57%
57 Bella
56%
76 Maria
56%
25 Evelyn
54%
64 Georgia
54%
75 Violet
53%
20 Freya
52%
46 Ivy
52%
81 Megan
52%
85 Leah
50%
38 Florence
49%
88 Sarah
48%
35 Zara
47%
58 Lola
46%
63 Jasmine
45%
18 Scarlett
45%
22 Phoebe
44%
70 Clara
43%
39 Ellie
43%
54 Elsie
43%
72 Harriet
43%
52 Amber
42%
23 Aria
42%
89 Iris
42%
42 Willow
42%
55 Erin
41%
56 Harper
41%
44 Layla
40%
37 Sienna
40%
49 Imogen
38%
47 Maisie
38%
36 Matilda
37%
69 Penelope
37%
78 Summer
34%
60 Amelie
33%
61 Esme
32%
94 Lara
32%
97 Martha
32%
65 Mila
31%
93 Brooke
30%
83 Nancy
30%
74 Luna
29%
34 Darcie
28%
96 Nina
26%
28 Emilia
25%
79 Heidi
24%
98 Niamh
24%
84 Orla
23%
90 Felicity
21%
33 Thea
20%
92 Eden
19%
91 Robyn
18%
100 Ayla
14%
80 Lyla
14%
67 Maryam
12%
51 Nur
8%
No matching quizzes found
Score Distribution
Percent of People with Each Score
Percentile by Number Answered
Your Score History
You have not taken this quiz